Famous Jacks - Statistics

General Stats
  • This quiz has been taken 3,934 times
  • The average score is 11 of 20
Answer Stats
Hint Answer % Correct
'The Shining' actor Jack Nicholson
94%
Victorian London serial killer Jack the Ripper
89%
Ozzie and Sharon's son Jack Osbourne
85%
'School of Rock' Jack Black
84%
Pirate captain of the Black Pearl Jack Sparrow
83%
Lynchburg Tennessee whiskey maker Jack Daniel
74%
Also known as Old Man Winter Jack Frost
67%
Could eat no fat – his wife could eat no lean Jack Sprat
57%
He has 24 hours to prevent a terrorist attack! Jack Bauer
56%
He sat in the corner, eating a Christmas pie Little Jack Horner
56%
Greatest golfer ever? Jack Nicklaus
53%
He killed Lee Harvey Oswald Jack Ruby
50%
'White Fang' Jack London
49%
Assisted suicide practitioner Jack Kevorkian
45%
'On the Road' Jack Kerouac
42%
Hero of many Tom Clancy novels Jack Ryan
34%
Actor who played the old, tough guy in 'City Slickers' Jack Palance
32%
First African-American heavyweight champ Jack Johnson
20%
Liz Lemon's boss Jack Donaghy
15%
The doctor on 'Lost' Jack Shepherd
13%
No matching quizzes found
Score Distribution
Percent of People with Each Score
Percentile by Number Answered
Your Score History
You have not taken this quiz